000 01086nam0a2200289 4500
001 RU\NLR\BIBL_A\022454489
005 20250806203325.0
035 _a(NLR Aleph) 022454489
090 _a81387
_c81387
100 _a20250212d1941 m y0rusy50 ca
101 0 _auzb
102 _aUZ
105 _ay z 000 y
181 0 _ai
_baxxe
182 0 _an
200 1 _aДушманнинг ҳаво десанти блан қандай курашиш керак
_fПолковник М. Спирин
_gА. Тўлаганов таржимаси
203 _aТекст
_bвизуальный
_cнепосредственный
210 _aТошкент
_cЎзССР давлат нашриёти
_d1941
215 _a16 с
_d17,5 см
541 1 _aКак бороться с воздушными десантами врага
_zrus
700 1 _aСпирин
_bМ.
_4070
702 1 _aТўлаганов
_bА.
_4730
852 _aNLR
_bОНЛ
_jУзбек./2-1323
942 _cBOOK
945 _aРоссийская национальная библиотека
980 _aBV